Химия. Ч. 1: Равновесия в биосредах. Микрогетерогенные системы (Запись № 9838410)

Подробности
000 -МАРКЕР
контрольное поле 02647nam2a2200301 4500
001 - ИДЕНТИФИКАТОР ЗАПИСИ
контрольное поле RU\NLR\BIBL_A\010008154
005 - ИДЕНТИФИКАТОР ВЕРСИИ
контрольное поле 20260406012438.0
010 ## - МЕЖДУНАРОДНЫЙ СТАНДАРТНЫЙ НОМЕР КНИГИ (ISBN)
Номер (ISBN) 978-5-7810-1096-7
Тираж 100
021 ## - НОМЕР ГОСУДАРСТВЕННОЙ РЕГИСТРАЦИИ
Код страны Российская Федерация
Номер 2013-81642
Номер Листа государственной регистраци 5637
035 ## - ДРУГИЕ СИСТЕМНЫЕ НОМЕРА
Идентификатор записи (NLR Aleph) 010008154
100 ## - ДАННЫЕ ОБЩЕЙ ОБРАБОТКИ
Данные общей обработки 20131128d2013 |||y0rusy50 ca
101 0# - ЯЗЫК РЕСУРСА
Язык текста, звукозаписи и т.д. русский
102 ## - СТРАНА ПУБЛИКАЦИИ ИЛИ ПРОИЗВОДСТВА
Страна публикации Российская Федерация
105 ## - ПОЛЕ КОДИРОВАННЫХ ДАННЫХ: ТЕКСТОВЫЕ МАТЕРИАЛЫ, МОНОГРАФИЧЕСКИЕ
Кодированные данные о монографическом текстовом документе a ||z||||||
200 1# - ЗАГЛАВИЕ И СВЕДЕНИЯ ОБ ОТВЕТСТВЕННОСТИ
Основное заглавие Равновесия в биосредах. Микрогетерогенные системы
Первые сведения об ответственности [сост.: С.В. Бортников, Г.А. Горенкова]
210 ## - ПУБЛИКАЦИЯ, РАСПРОСТРАНЕНИЕ И ДР.
Дата издания, распространения и т.д. 2013
Место издания, распространения и т.д. Б. м.
215 ## - ФИЗИЧЕСКАЯ ХАРАКТЕРИСТИКА
Специфическое обозначение материала и объем 70, [1] с.
Другие сведения о физической характеристике ил.
320 ## - ПРИМЕЧАНИЯ О НАЛИЧИИ В ДОКУМЕНТЕ БИБЛИОГРАФИИ / УКАЗАТЕЛЯ
Текст примечания Библиогр. в конце кн. (8 назв.)
461 #0 - УРОВЕНЬ НАБОРА
Встроенное поле 001RU\NLR\BIBL_A\010014995
-- 2000#$aХимия$eучебно-методический комплекс по дисциплине$eучебное пособие$e[для студентов, обучающихся по специальности 060101.65 - Лечебное дело и специальности 111801.65 - Ветеринария]$fМ-во образования и науки Рос. Федерации, Федер. гос. бюджет. образоват. учреждение высш. проф. образования "Хакас. гос. ун-т им. Н.Ф. Катанова"$vЧ. 1
Системный номер (АБИС) связанной записи 9872610
Место публикации Абакан
Дата публикации 2013
Первые сведения об ответственности М-во образования и науки Рос. Федерации, Федер. гос. бюджет. образоват. учреждение высш. проф. образования "Хакас. гос. ун-т им. Н.Ф. Катанова"
Имя издателя, распространителя и т.д. Изд-во ФГБУ ВПО "Хакасский государственный университет им. Н.Ф. Катанова"
Сведения, относящиеся к заглавию учебно-методический комплекс по дисциплине : учебное пособие : [для студентов, обучающихся по специальности 060101.65 - Лечебное дело и специальности 111801.65 - Ветеринария]
Заглавие Химия
Номер тома Ч. 1
517 0# - ДРУГИЕ ВАРИАНТЫ ЗАГЛАВИЯ
Вариант заглавия Микрогетерогенные системы
606 1# - НАИМЕНОВАНИЕ ТЕМЫ КАК ПРЕДМЕТ
Наименование темы Биологические среды организма
Формальный подзаголовок Учебно-методические пособия для высших учебных заведе
Тематический подзаголовок Физико-химические процессы
-- Изменения
Системный номер авторитетной/нормативной записи 2168138
Идентификатор авторитетной/нормативной записи RU\NLR\AUTH\6601541106
686 1# - ИНДЕКСЫ ДРУГИХ КЛАССИФИКАЦИЙ
Индекс Р345.029я73
702 #1 - ИМЯ ЛИЦА - ВТОРИЧНАЯ ОТВЕТСТВЕННОСТЬ
Код отношения Составитель
Графика поля Кириллица
Материалы, к которым относится поле rus
Начальный элемент ввода Бортников
Часть имени, кроме начального элемента ввода С. В.
Расширение инициалов личного имени Сергей Валериевич
Системный номер авторитетной/нормативной записи 100867
Идентификатор авторитетной/нормативной записи RU\NLR\AUTH\77117942
942 ## - ДОПОЛНИТЕЛЬНЫЕ ЭЛЕМЕНТЫ ЗАПИСИ (АБИС)
Тип экземпляра АБИС Книга
980 ## - КОЛЛЕКЦИЯ
Название коллекции Национальная библиография
Экземпляры
Тип экземпляра Дата поступления Источник поступления Библиотека постоянного хранения Библиотека текущего хранения Место хранения Шифр хранения Штрих-код Статус экземпляра
Книга 28.11.2013 Обязательный экземпляр РНБ (Московский) РНБ (Московский) Русский книжный фонд: издания с 1957 года 2013-4/10442 1-30694  
Книга 28.11.2013 Обязательный экземпляр РНБ (Московский) РНБ (Московский) Русский книжный фонд: издания с 1957 года 2013-4/10442 1-30695